Skip to content
VuFind
All Fields
Title
Author
Subject
Call Number
ISBN/ISSN
Tag
Find
Advanced
Bookworm short stories 5
Cite this
Print
Export Record
Export to RefWorks
Export to EndNoteWeb
Export to EndNote
Export to MARC
Bookworm short stories 5
Bibliographic Details
Format:
Book
Holdings
Description
Similar Items
Staff View
MARC
LEADER
00000cam a2200000 7i4500
001
0000009436
002
000010275
005
20000330.0
020
|a
9813014709
090
0
0
|a
JF
|b
BOO
245
1
0
|a
Bookworm short stories 5
999
|a
050733
|b
BUKU
|c
PINJAMAN
|e
PERPUSTAKAAN KOMUNITI PETALING JAYA
Similar Items
Bookworm short stories 5
Bookworm short stories
Bookworm short stories
Published: (1994)
Bookworm short stories 3
Published: (1990)
Bookworm short Stories 30
Published: (1990)